[Event "Junior Online 4NCL Division 3"]
[Site "online"]
[Date "2021.02.18"]
[EventDate "2021.02.18"]
[Round "3.24"]
[White "Chopra, Raashi"]
[WhiteElo "665"]
[WhiteTeam "Uxbridge Girls"]
[Black "Belur, Ankita"]
[BlackElo "1457"]
[BlackTeam "Barnet Knights B"]
[Result "0-1"]
[PlyCount "60"]

1. e4 d6 2. Bc4 Nf6 3. Bb3 Nxe4 4. f3 Nf6 5. Ne2 g6 6. O-O Bg7 7. Nbc3 O-O 8. Nd4 c6 9. Re1 Nd5 10. Bc4 Bxd4+ 11. Kf1 Nxc3 12. bxc3 Bg7 13. Ba3 b5 14. Bd3 Qc7 15. c4 bxc4 16. Bxc4 Bxa1 17. Qxa1 d5 18. Bb3 Re8 19. d3 Qxh2 20. c4 dxc4 21. dxc4 Qh1+ 22. Kf2 Qh4+ 23. Ke2 Nd7 24. Rh1 Qf6 25. Bb2 Qe6+ 26. Kf2 Nf6 27. c5 Qf5 28. Bc2 Qxc2+ 29. Ke1 Ba6 30. Rf1 Qe2# 0-1

[Event "Junior Online 4NCL Division 3"]
[Site "online"]
[Date "2021.02.18"]
[EventDate "2021.02.18"]
[Round "3.25"]
[White "Cepoi, Gesneria-Codruta"]
[WhiteElo "1051"]
[WhiteTeam "Uxbridge Girls"]
[Black "Sarkar, Rian"]
[BlackElo "1592"]
[BlackTeam "Barnet Knights B"]
[Result "0-1"]
[PlyCount "56"]

1. e4 c5 2. Nf3 e6 3. Nc3 a6 4. d4 cxd4 5. Nxd4 b5 6. g3 Qc7 7. Bg2 Bb7 8. Qe2 Nf6 9. O-O d6 10. e5 Bxg2 11. Kxg2 dxe5 12. Nf3 Nbd7 13. Kg1 Bb4 14. Bd2 O-O 15. a3 Ba5 16. b4 Bb6 17. Ne4 Qxc2 18. Nxf6+ Nxf6 19. Nxe5 Bd4 20. Rac1 Qb2 21. Nf3 Bb6 22. Ra1 Rfd8 23. Rfb1 Qc2 24. Rc1 Qe4 25. Qxe4 Nxe4 26. Be3 Bxe3 27. fxe3 Nd2 28. Ne5 Nb3 0-1

[Event "Junior Online 4NCL Division 3"]
[Site "online"]
[Date "2021.02.18"]
[EventDate "2021.02.18"]
[Round "3.26"]
[White "Gardner, Kai"]
[WhiteElo "1487"]
[WhiteTeam "Barnet Knights B"]
[Black "Siddiqui, Zainab"]
[BlackElo "961"]
[BlackTeam "Uxbridge Girls"]
[Result "1-0"]
[PlyCount "89"]

1. e4 e5 2. Nf3 d5 3. exd5 Bc5 4. Nc3 c6 5. d3 cxd5 6. Be2 d4 7. Ne4 Bb4+ 8. c3 dxc3 9. bxc3 Ba5 10. Nxe5 Bf5 11. Bd2 f6 12. Nf3 Nc6 13. O-O h5 14. Bf4 Bxe4 15. dxe4 Qe7 16. Qc2 O-O-O 17. Rfe1 g5 18. Bd2 Qa3 19. Rac1 g4 20. Nd4 Qc5 21. Nxc6 Qxc6 22. Bd3 h4 23. c4 Bb6 24. e5 g3 25. Be3 h3 26. Be4 gxh2+ 27. Kxh2 Qe6 28. Bf5 hxg2+ 29. Kxg2 Qxf5 30. Qxf5+ Rd7 31. Bxb6 Ne7 32. Qxf6 Rg8+ 33. Kf1 axb6 34. c5 Nd5 35. Qe6 Rd8 36. c6 bxc6 37. Rxc6+ Nc7 38. Qc4 b5 39. Qc1 Kb8 40. e6 Rd3 41. e7 Re8 42. Rxc7 Ra3 43. Qc6 Ra7 44. Qb6+ Ka8 45. Qxa7# 1-0

[Event "Junior Online 4NCL Division 3"]
[Site "online"]
[Date "2021.02.18"]
[EventDate "2021.02.18"]
[Round "3.27"]
[White "Vijayakumar, Mrinali"]
[WhiteElo "700"]
[WhiteTeam "Uxbridge Girls"]
[Black "Tokar, Kyrylo"]
[BlackElo "1479"]
[BlackTeam "Barnet Knights B"]
[Result "0-1"]
[PlyCount "94"]

1. e4 c5 2. Nf3 e6 3. e5 d5 4. Bb5+ Bd7 5. Bxd7+ Qxd7 6. Ng5 Nc6 7. d4 cxd4 8. O-O Nxe5 9. Bf4 Bd6 10. Qxd4 f6 11. Bxe5 Bxe5 12. Qc5 fxg5 13. Nd2 Nf6 14. Nf3 Bd6 15. Qe3 Bf4 16. Qd4 O-O 17. Rad1 e5 18. Nxe5 Bxe5 19. Qxe5 Rae8 20. Qxg5 Re4 21. f3 Re6 22. Rd4 h6 23. Qg6 Ne4 24. fxe4 Rxg6 25. Rxf8+ Kxf8 26. exd5 Rd6 27. Rf4+ Kg8 28. c4 Qa4 29. Re4 Qd1+ 30. Kf2 Rf6+ 31. Ke3 Qe1+ 32. Kd4 Qf2+ 33. Ke5 Qxb2+ 34. Rd4 Rf5+ 35. Kxf5 Qxd4 36. Ke6 Qf6+ 37. Kd7 Kf7 38. c5 Qe7+ 39. Kc8 Ke8 40. d6 Qd7+ 41. Kb8 a6 42. Ka7 Qc6 43. Ka8 b6+ 44. Ka7 bxc5 45. d7+ Kxd7 46. g4 Kc7 47. g5 Qb7# 0-1

[Event "Junior Online 4NCL Division 3"]
[Site "online"]
[Date "2021.02.18"]
[EventDate "2021.02.18"]
[Round "3.28"]
[White "Belur, Ankita"]
[WhiteElo "1457"]
[WhiteTeam "Barnet Knights B"]
[Black "Chopra, Raashi"]
[BlackElo "665"]
[BlackTeam "Uxbridge Girls"]
[Result "1-0"]
[PlyCount "75"]

1. c4 Nc6 2. Nc3 Nf6 3. g3 d6 4. Bg2 e6 5. Nf3 d5 6. cxd5 exd5 7. e3 Bc5 8. O-O O-O 9. a3 Bf5 10. b4 Bd6 11. Nh4 h6 12. Nxf5 g6 13. Nxh6+ Kh7 14. Ng4 Nxg4 15. Qxg4 Ne5 16. Qh4+ Kg7 17. Qxd8 Rfxd8 18. Nxd5 c6 19. Nf4 Nc4 20. Rb1 Nxa3 21. Bxa3 b6 22. Bxc6 Rdc8 23. Bxa8 Rxa8 24. Rfc1 Rh8 25. Bb2+ Kh7 26. Bxh8 Kxh8 27. Rc6 Be7 28. Rc7 Bg5 29. Rxf7 Bd8 30. Rf8+ Kg7 31. Rxd8 Kf6 32. Rc1 g5 33. Rd5 gxf4 34. Rc6+ Ke7 35. Rh5 Kd7 36. Rg6 Ke7 37. Rh7+ Ke8 38. Rg8# 1-0

[Event "Junior Online 4NCL Division 3"]
[Site "online"]
[Date "2021.02.18"]
[EventDate "2021.02.18"]
[Round "3.31"]
[White "Suyash Srikanta Prasad"]
[WhiteElo "1735"]
[WhiteTeam "Maidenhead Juniors 1"]
[Black "Jessop,Osian"]
[BlackElo "1284"]
[BlackTeam "Border Bandits 2"]
[Result "0-1"]
[PlyCount "72"]

1. e4 e5 2. Nf3 Nc6 3. Bc4 Bc5 4. Nc3 Nf6 5. d3 d6 6. h3 h6 7. O-O O-O 8. Be3 Bxe3 9. fxe3 a6 10. d4 exd4 11. exd4 b5 12. Bd5 Nxd5 13. Nxd5 Ne7 14. Nxe7+ Qxe7 15. e5 dxe5 16. Nxe5 Qg5 17. Qf3 Be6 18. d5 Bxh3 19. Nd7 Bxd7 20. Rae1 Bg4 21. Qe4 Bh3 22. Re3 Bxg2 23. Qxg2 Qxe3+ 24. Rf2 Qe1+ 25. Kh2 Qe5+ 26. Kh1 Qh5+ 27. Kg1 Rfe8 28. Rf3 Re5 29. Rg3 Rg5 30. Kf2 Rxg3 31. Qxg3 Re8 32. Qxc7 Qe2+ 33. Kg1 Qe1+ 34. Kg2 Re2+ 35. Kh3 Qf1+ 36. Kg3 Rg2+ 0-1

[Event "Junior Online 4NCL Division 3"]
[Site "online"]
[Date "2021.02.18"]
[EventDate "2021.02.18"]
[Round "3.32"]
[White "Watkins, Gabby"]
[WhiteElo "1087"]
[WhiteTeam "Border Bandits 2"]
[Black "Wenninger, Maxim"]
[BlackElo "1672"]
[BlackTeam "Maidenhead Juniors 1"]
[Result "0-1"]
[PlyCount "34"]

1. c4 e5 2. g3 Nf6 3. Bg2 Nc6 4. Nc3 Be7 5. e3 O-O 6. Nge2 d6 7. d4 exd4 8. exd4 Bf5 9. O-O Qd7 10. Re1 Nb4 11. Bxb7 Rab8 12. Be4 Nxe4 13. Nxe4 Bxe4 14. Rf1 Qg4 15. Nc3 Bf3 16. Qe1 Qh3 17. Qxe7 Qg2# 0-1

[Event "Junior Online 4NCL Division 3"]
[Site "online"]
[Date "2021.02.18"]
[EventDate "2021.02.18"]
[Round "3.33"]
[White "Koppuravuri, Shrihan"]
[WhiteElo "1552"]
[WhiteTeam "Maidenhead Juniors 1"]
[Black "Fennell, Owyn"]
[BlackElo "963"]
[BlackTeam "Border Bandits 2"]
[Result "1-0"]
[PlyCount "45"]

1. e4 e5 2. Nf3 Nc6 3. Bc4 d6 4. h3 h6 5. O-O a6 6. a3 Nf6 7. Nc3 d5 8. exd5 Nxd5 9. Bxd5 Bc5 10. Re1 O-O 11. Bxc6 bxc6 12. Nxe5 Bd7 13. d4 Bxd4 14. Qxd4 Re8 15. Nf3 Rxe1+ 16. Nxe1 Qe8 17. Bd2 Bf5 18. Nf3 Bxc2 19. Re1 Qe6 20. Rxe6 fxe6 21. Ne4 Rb8 22. Bc3 Rc8 23. Qxg7# 1-0

[Event "Junior Online 4NCL Division 3"]
[Site "online"]
[Date "2021.02.18"]
[EventDate "2021.02.18"]
[Round "3.34"]
[White "Siddall, George"]
[WhiteElo "708"]
[WhiteTeam "Border Bandits 2"]
[Black "Rajeev-Lazar, Seyon"]
[BlackElo "1498"]
[BlackTeam "Maidenhead Juniors 1"]
[Result "0-1"]
[PlyCount "72"]

1. e4 e6 2. d4 d5 3. exd5 exd5 4. Nf3 Nf6 5. Nc3 Bd6 6. Bd3 c6 7. O-O O-O 8. Re1 Bg4 9. h3 Bh5 10. Bg5 Nbd7 11. Bxf6 Nxf6 12. Qe2 Re8 13. Qd2 Qc7 14. Re2 Rxe2 15. Bxe2 Re8 16. Ng5 Bxe2 17. Nxe2 h6 18. Nf3 Ne4 19. Qd3 Qb6 20. Re1 Re7 21. Nd2 Nxd2 22. Qxd2 Qxb2 23. Nc1 Bb4 24. Qd1 Rxe1+ 25. Qxe1 Bxe1 26. Nd3 Qxc2 27. Nxe1 Qxa2 28. Nd3 Qd2 29. Ne5 Qe1+ 30. Kh2 Qxe5+ 31. g3 a5 32. f4 Qe2+ 33. Kg1 a4 34. Kh1 a3 35. Kg1 a2 36. Kh1 a1=R# 0-1

[Event "Junior Online 4NCL Division 3"]
[Site "online"]
[Date "2021.02.18"]
[EventDate "2021.02.18"]
[Round "3.35"]
[White "Jessop,Osian"]
[WhiteElo "1284"]
[WhiteTeam "Border Bandits 2"]
[Black "Suyash Srikanta Prasad"]
[BlackElo "1735"]
[BlackTeam "Maidenhead Juniors 1"]
[Result "0-1"]
[PlyCount "62"]

1. e4 c5 2. d4 cxd4 3. c3 e6 4. cxd4 d5 5. exd5 exd5 6. Nc3 Nf6 7. Bg5 Be6 8. Nf3 Nc6 9. Bb5 Bb4 10. Bxc6+ bxc6 11. a3 Bxc3+ 12. bxc3 h6 13. Bxf6 Qxf6 14. Ne5 c5 15. Qa4+ Kf8 16. dxc5 Qxe5+ 17. Kd2 Ke7 18. Qb4 Rab8 19. c6+ Rxb4 20. axb4 Qf4+ 21. Kc2 Qxf2+ 22. Kb3 Qxg2 23. Rxa7+ Kf6 24. Rha1 d4+ 25. Ka4 Qxc6+ 26. Ka3 Qxc3+ 27. Ka4 Bb3+ 28. Kb5 Qc4+ 29. Kb6 Rb8+ 30. Ka5 Qxb4+ 31. Ka6 Bc4# 0-1

[Event "Junior Online 4NCL Division 3"]
[Site "online"]
[Date "2021.02.18"]
[EventDate "2021.02.18"]
[Round "3.36"]
[White "Wenninger, Maxim"]
[WhiteElo "1672"]
[WhiteTeam "Maidenhead Juniors 1"]
[Black "Watkins, Gabby"]
[BlackElo "1087"]
[BlackTeam "Border Bandits 2"]
[Result "1-0"]
[PlyCount "135"]

1. e4 c6 2. d4 d5 3. e5 Bf5 4. g4 Be6 5. Bd3 Bd7 6. Nc3 e6 7. Be3 Bb4 8. Ne2 Ne7 9. a3 Ba5 10. Bd2 O-O 11. Ng3 Bb6 12. Be3 c5 13. dxc5 Bc7 14. f4 Nbc6 15. Nge2 f6 16. exf6 Rxf6 17. Qd2 e5 18. g5 Rf7 19. fxe5 Nxe5 20. O-O-O Nf3 21. Bxh7+ Kxh7 22. Qd3+ Kg8 23. Nxd5 Nxd5 24. Qxd5 Bc6 25. Qb3 Qe7 26. g6 Re8 27. gxf7+ Qxf7 28. Qxf7+ Kxf7 29. Bf4 Bxf4+ 30. Nxf4 Ng5 31. Rhf1 Kg8 32. h4 Nf7 33. Rfe1 Kh7 34. Rxe8 Bxe8 35. Rd8 Nxd8 36. Nd5 Kh6 37. Nc7 Bc6 38. b4 Kh5 39. b5 Be4 40. Ne8 g6 41. Nf6+ Kxh4 42. Nxe4 Ne6 43. Kd2 g5 44. Ke3 g4 45. c6 bxc6 46. bxc6 Nc7 47. c4 Kh3 48. Kf2 Kh4 49. Ng3 a5 50. Nf5+ Kg5 51. Ne3 Kf4 52. Nd5+ Nxd5 53. cxd5 g3+ 54. Kg2 Ke5 55. c7 Kxd5 56. c8=Q Kd4 57. Qa6 Ke4 58. Qxa5 Kf4 59. Qc3 Kg4 60. Qxg3+ Kf5 61. Kf3 Ke6 62. Qg5 Kd6 63. Ke4 Kc6 64. Kd4 Kb6 65. Qc5+ Ka6 66. Qb4 Ka7 67. Kc5 Ka6 68. Qb6# 1-0

[Event "Junior Online 4NCL Division 3"]
[Site "online"]
[Date "2021.02.18"]
[EventDate "2021.02.18"]
[Round "3.37"]
[White "Fennell, Owyn"]
[WhiteElo "963"]
[WhiteTeam "Border Bandits 2"]
[Black "Koppuravuri, Shrihan"]
[BlackElo "1552"]
[BlackTeam "Maidenhead Juniors 1"]
[Result "0-1"]
[PlyCount "34"]

1. e4 e5 2. Nf3 Nc6 3. Nc3 Nf6 4. a3 Bc5 5. Ke2 d6 6. Ke1 Bg4 7. Be2 O-O 8. Bc4 Nd4 9. h3 Bh5 10. g4 Bg6 11. Nh4 Nxe4 12. Nxe4 Bxe4 13. Rg1 Nxc2+ 14. Kf1 Qxh4 15. Bxf7+ Rxf7 16. Qe2 Rxf2+ 17. Qxf2 Qxf2# 0-1

[Event "Junior Online 4NCL Division 3"]
[Site "online"]
[Date "2021.02.18"]
[EventDate "2021.02.18"]
[Round "3.38"]
[White "Rajeev-Lazar, Seyon"]
[WhiteElo "1498"]
[WhiteTeam "Maidenhead Juniors 1"]
[Black "Siddall, George"]
[BlackElo "708"]
[BlackTeam "Border Bandits 2"]
[Result "1-0"]
[PlyCount "73"]

1. g3 Nc6 2. Bg2 e5 3. c4 Nf6 4. Nc3 Bc5 5. Nf3 Nd4 6. Nxe5 O-O 7. e3 Nf5 8. d4 Bb4 9. a3 Bxc3+ 10. bxc3 d6 11. Nf3 Ne7 12. a4 Bg4 13. Ba3 Bxf3 14. Qxf3 d5 15. cxd5 Nexd5 16. Bxf8 Qxf8 17. Rc1 Re8 18. O-O Qa3 19. Qe2 Nxc3 20. Qd3 Nfd5 21. Bxd5 Qb2 22. Qxc3 Qxc3 23. Rxc3 c6 24. Bxc6 bxc6 25. Rxc6 a5 26. Rfc1 h6 27. Rc8 Rf8 28. Rxf8+ Kxf8 29. Rc8+ Ke7 30. Ra8 Kf6 31. Rxa5 Kg6 32. Re5 Kf6 33. a5 Kg6 34. a6 Kf6 35. a7 Kg6 36. a8=R Kf6 37. Ra6# 1-0

[Event "Junior Online 4NCL Division 3"]
[Site "online"]
[Date "2021.02.18"]
[EventDate "2021.02.18"]
[Round "3.41"]
[White "Lee, Damin"]
[WhiteElo "1149"]
[WhiteTeam "Surrey Kings 2"]
[Black "McBrinn, Conall"]
[BlackElo "1683"]
[BlackTeam "JHJ Shark Tank 1"]
[Result "0-1"]
[PlyCount "126"]

1. e4 e6 2. Nf3 d5 3. e5 c5 4. d4 Qb6 5. Be3 Qxb2 6. Nbd2 Nc6 7. Bb5 Qxb5 8. Nb3 cxd4 9. Nbxd4 Nxd4 10. Nxd4 Qd7 11. O-O Be7 12. Qg4 Bf8 13. Rfe1 Ne7 14. h3 Ng6 15. Bg5 Be7 16. Bxe7 Qxe7 17. Rad1 Bd7 18. c3 Rc8 19. Rc1 Qh4 20. Qf3 O-O 21. a3 Qg5 22. Rc2 Nxe5 23. Qg3 Qxg3 24. fxg3 Nc4 25. Ra2 Na5 26. Rc1 Ba4 27. Ne2 Nb3 28. Rb1 Nc5 29. Kh2 b6 30. Rb4 Bc6 31. Nd4 Ne4 32. Ne2 Bb7 33. Rb3 Ba6 34. Nf4 Bc4 35. Rbb2 Bxa2 36. Rxa2 Rxc3 37. a4 h6 38. g4 Rfc8 39. a5 b5 40. Rb2 a6 41. Nh5 Rc2 42. Rb3 Nd2 43. Rd3 Ne4 44. Re3 Rb8 45. Re1 b4 46. Rb1 b3 47. Nf4 b2 48. Nd3 Nc3 49. Rxb2 Rcxb2 50. Nxb2 Rxb2 51. Kg3 Ra2 52. Kf3 Rxa5 53. Ke3 Ra1 54. Kd3 Ne4 55. Ke3 Rc1 56. Kf3 a5 57. Ke3 a4 58. Kf4 a3 59. Ke5 a2 60. g5 a1=Q+ 61. Kf4 Rf1+ 62. Kg4 Qe5 63. gxh6 Qg5# 0-1

[Event "Junior Online 4NCL Division 3"]
[Site "online"]
[Date "2021.02.18"]
[EventDate "2021.02.18"]
[Round "3.42"]
[White "Ward, Cian"]
[WhiteElo "1651"]
[WhiteTeam "JHJ Shark Tank 1"]
[Black "Edwards, Benjy"]
[BlackElo "939"]
[BlackTeam "Surrey Kings 2"]
[Result "1-0"]
[PlyCount "69"]

1. e4 e6 2. d4 d5 3. Nd2 Nf6 4. e5 Ne4 5. Nxe4 dxe4 6. c3 Nc6 7. Qe2 f5 8. exf6 Qxf6 9. Qxe4 e5 10. dxe5 Nxe5 11. Nf3 Bf5 12. Qxe5+ Be7 13. Qxf6 Bxf6 14. Bg5 Bxg5 15. Nxg5 h6 16. Nf3 O-O-O 17. Nd4 Bc2 18. Nxc2 Rd7 19. Rd1 Re8+ 20. Be2 Rde7 21. Ne3 Kb8 22. O-O a6 23. Rd2 Ka7 24. Rfd1 Kb6 25. Rd8 Rxd8 26. Rxd8 Ka7 27. h3 Kb6 28. Nd5+ Kc5 29. Nxe7 b5 30. b4+ Kb6 31. Bf3 a5 32. Rb8+ Ka7 33. Rb7+ Ka6 34. Nc8 axb4 35. Ra7# 1-0

[Event "Junior Online 4NCL Division 3"]
[Site "online"]
[Date "2021.02.18"]
[EventDate "2021.02.18"]
[Round "3.43"]
[White "O’Sullivan, Jack"]
[WhiteElo "925"]
[WhiteTeam "Surrey Kings 2"]
[Black "Yu, William"]
[BlackElo "1587"]
[BlackTeam "JHJ Shark Tank 1"]
[Result "0-1"]
[PlyCount "50"]

1. e4 e6 2. d4 d5 3. Nc3 dxe4 4. Nxe4 Nd7 5. Bd3 Ngf6 6. Nf3 Nxe4 7. Bxe4 Nf6 8. Bd3 c6 9. Bf4 Bd6 10. Bg5 h6 11. Bh4 Bd7 12. Bc4 Qb6 13. b3 Bb4+ 14. Nd2 Ne4 15. O-O Nxd2 16. Re1 Nxc4 17. bxc4 Bxe1 18. Qxe1 Qxd4 19. Rd1 Qxh4 20. g3 Qh3 21. Qd2 Rd8 22. Qa5 O-O 23. Qd2 c5 24. Qe2 Bc6 25. Rb1 Qg2# 0-1

[Event "Junior Online 4NCL Division 3"]
[Site "online"]
[Date "2021.02.18"]
[EventDate "2021.02.18"]
[Round "3.44"]
[White "Duke, Dillan"]
[WhiteElo "1558"]
[WhiteTeam "JHJ Shark Tank 1"]
[Black "Flanders, William"]
[BlackElo "907"]
[BlackTeam "Surrey Kings 2"]
[Result "0-1"]
[PlyCount "68"]

1. e4 e5 2. Nc3 Nf6 3. g3 g6 4. Bg2 Bg7 5. d3 O-O 6. Nge2 d6 7. O-O c6 8. f4 Re8 9. h3 b5 10. a3 Bb7 11. Kh2 Na6 12. Be3 d5 13. exd5 cxd5 14. Nxb5 Bc6 15. a4 Qd7 16. fxe5 Bxb5 17. exf6 Bxf6 18. axb5 Rxe3 19. bxa6 Rae8 20. Rxf6 Rxe2 21. Ra5 R8e5 22. Rxd5 Qxd5 23. Qf1 Qa2 24. Qf3 h6 25. d4 Re8 26. d5 Qxb2 27. Rxf7 Qxc2 28. Rxa7 Rf2 29. Qf7+ Rxf7 30. Rxf7 Kxf7 31. d6 Re2 32. d7 Rxg2+ 33. Kh1 Rh2+ 34. Kg1 Qg2# 0-1

[Event "Junior Online 4NCL Division 3"]
[Site "online"]
[Date "2021.02.18"]
[EventDate "2021.02.18"]
[Round "3.45"]
[White "McBrinn, Conall"]
[WhiteElo "1683"]
[WhiteTeam "JHJ Shark Tank 1"]
[Black "Lee, Damin"]
[BlackElo "1149"]
[BlackTeam "Surrey Kings 2"]
[Result "1-0"]
[PlyCount "115"]

1. d4 d5 2. c4 Nf6 3. cxd5 Nxd5 4. e4 Nf6 5. Nc3 Nc6 6. Nf3 e6 7. Bg5 h6 8. Bh4 g5 9. Bg3 Bd7 10. Bc4 Bb4 11. Qb3 Bxc3+ 12. Qxc3 Nxe4 13. Qe3 Nxg3 14. hxg3 Qf6 15. Rc1 O-O-O 16. O-O g4 17. Ne5 Nxe5 18. dxe5 Qf5 19. Qxa7 Bc6 20. Rcd1 Bd5 21. Bb5 c6 22. Ba4 Qxe5 23. Qa8+ Qb8 24. Qa5 Qc7 25. Qc3 Bxa2 26. b3 Rxd1 27. Qxh8+ Rd8 28. Qb2 Bxb3 29. Bxb3 h5 30. Ra1 Kd7 31. Rd1+ Ke7 32. Qa3+ Kf6 33. Rxd8 Qxd8 34. Qb2+ Ke7 35. Bc4 Qd1+ 36. Kh2 Qd6 37. Qxb7+ Kf6 38. Qb2+ Ke7 39. Qe2 h4 40. Qxg4 hxg3+ 41. Qxg3 Qd7 42. Qg5+ Kf8 43. Qc5+ Kg7 44. g3 Qe8 45. Qg5+ Kf8 46. Qh6+ Ke7 47. Qg5+ Kf8 48. Bf1 Qa8 49. Bg2 Qb7 50. Qc5+ Ke8 51. Bxc6+ Qxc6 52. Qxc6+ Ke7 53. g4 Kf6 54. Qd7 Kg6 55. f4 Kf6 56. Qd8+ Kg6 57. Qg8+ Kf6 58. Qg5# 1-0

[Event "Junior Online 4NCL Division 3"]
[Site "online"]
[Date "2021.02.18"]
[EventDate "2021.02.18"]
[Round "3.46"]
[White "Edwards, Benjy"]
[WhiteElo "939"]
[WhiteTeam "Surrey Kings 2"]
[Black "Ward, Cian"]
[BlackElo "1651"]
[BlackTeam "JHJ Shark Tank 1"]
[Result "0-1"]
[PlyCount "62"]

1. e4 e5 2. Nf3 Nc6 3. Bc4 Bc5 4. d3 Nf6 5. Nc3 d6 6. Bg5 Be6 7. Bd5 h6 8. Bh4 g5 9. Bg3 Bxd5 10. exd5 Ne7 11. Qd2 Nexd5 12. Nxd5 Nxd5 13. O-O-O f5 14. h4 g4 15. c4 gxf3 16. cxd5 fxg2 17. Rhg1 f4 18. Bxf4 Qxh4 19. Rxg2 Qxf4 20. Qxf4 exf4 21. Rdg1 O-O-O 22. Rg8 Rhxg8 23. Rxg8 Rxg8 24. f3 h5 25. Kd1 h4 26. Ke1 h3 27. Kf1 Rg1+ 28. Ke2 h2 29. Kd2 Bb4+ 30. Ke2 Rg2+ 31. Kf1 h1=Q# 0-1

[Event "Junior Online 4NCL Division 3"]
[Site "online"]
[Date "2021.02.18"]
[EventDate "2021.02.18"]
[Round "3.47"]
[White "Yu, William"]
[WhiteElo "1587"]
[WhiteTeam "JHJ Shark Tank 1"]
[Black "O’Sullivan, Jack"]
[BlackElo "925"]
[BlackTeam "Surrey Kings 2"]
[Result "1-0"]
[PlyCount "81"]

1. d4 Nc6 2. Bf4 d6 3. e3 e5 4. dxe5 dxe5 5. Bg3 Bb4+ 6. c3 Bc5 7. Nf3 Nf6 8. Qxd8+ Nxd8 9. Nxe5 O-O 10. Nd2 Ne6 11. O-O-O Nd7 12. Nb3 Bd6 13. Nxd7 Bxd7 14. Bxd6 cxd6 15. Rxd6 Rad8 16. Bc4 Ng5 17. Rhd1 Ne4 18. Rxd7 Rxd7 19. Rxd7 Nf6 20. Rxb7 a5 21. Nxa5 Ne4 22. Nc6 Nd6 23. Rb4 Nxc4 24. Rxc4 Rc8 25. Ne7+ Kf8 26. Nxc8 Ke8 27. Nd6+ Kd7 28. Rd4 g5 29. Nxf7+ Ke6 30. Nxg5+ Kf5 31. a4 Kxg5 32. a5 h5 33. a6 h4 34. a7 h3 35. a8=Q Kf5 36. Qa5+ Ke6 37. Qb6+ Ke5 38. Qc5+ Ke6 39. Rd6+ Ke7 40. Qc7+ Ke8 41. Rd8# 1-0

[Event "Junior Online 4NCL Division 3"]
[Site "online"]
[Date "2021.02.18"]
[EventDate "2021.02.18"]
[Round "3.48"]
[White "Flanders, William"]
[WhiteElo "907"]
[WhiteTeam "Surrey Kings 2"]
[Black "Duke, Dillan"]
[BlackElo "1558"]
[BlackTeam "JHJ Shark Tank 1"]
[Result "0-1"]
[PlyCount "48"]

1. e4 e6 2. g3 d5 3. Bg2 dxe4 4. Bxe4 Nf6 5. Bg2 c5 6. d3 Nc6 7. Nc3 Be7 8. Nf3 O-O 9. b3 Qa5 10. Bb2 Nd5 11. Qd2 Nd4 12. Nxd4 cxd4 13. Bxd5 dxc3 14. Bxc3 Qxd5 15. O-O b6 16. f3 Bc5+ 17. Rf2 Bxf2+ 18. Qxf2 Bb7 19. Rf1 Rac8 20. Qe1 Rfd8 21. g4 f6 22. g5 Qxg5+ 23. Kh1 Rc5 24. Rg1 Bxf3+ 0-1

[Event "Junior Online 4NCL Division 3"]
[Site "online"]
[Date "2021.02.18"]
[EventDate "2021.02.18"]
[Round "3.51"]
[White "Aserkoff, Daniel"]
[WhiteElo "1534"]
[WhiteTeam "JHJ Shark Tank 2"]
[Black "Vyas, Alisha"]
[BlackElo "1738"]
[BlackTeam "Barnet Knights A"]
[Result "1/2-1/2"]
[PlyCount "123"]

1. e4 c5 2. Nc3 Nc6 3. Nf3 g6 4. g3 Bg7 5. Bg2 d6 6. d3 Nf6 7. O-O O-O 8. Bd2 Bd7 9. Qc1 a6 10. Bh6 b5 11. Bxg7 Kxg7 12. Re1 Rc8 13. Nd5 Nxd5 14. exd5 Nb4 15. Nd2 a5 16. a3 Na6 17. Ne4 b4 18. Qd2 Bf5 19. a4 Nc7 20. c4 bxc3 21. Nxc3 Na6 22. Qg5 h6 23. Qd2 Rb8 24. Be4 Bd7 25. d4 c4 26. Qe2 Qc7 27. Na2 Bxa4 28. Nc3 Bd7 29. Bg2 Nb4 30. Rab1 Bf5 31. Be4 Bxe4 32. Qxe4 Nd3 33. Qxe7 Qxe7 34. Rxe7 Rxb2 35. Rxb2 Nxb2 36. Ra7 Re8 37. Rxa5 Re1+ 38. Kg2 Rc1 39. Ra3 Nd3 40. Ne4 Ne1+ 41. Kh3 Nf3 42. Rc3 Rxc3 43. Nxc3 Nxd4 44. Kg4 Kf6 45. Kf4 g5+ 46. Ke4 Nb3 47. Nb5 Ke7 48. Kf5 Nc5 49. Nc3 Na6 50. f4 Nc7 51. fxg5 hxg5 52. Kxg5 f6+ 53. Kf5 Kf7 54. h4 Kg7 55. g4 Kf7 56. Ke4 Kg6 57. Kd4 f5 58. gxf5+ Kxf5 59. Kxc4 Kg4 60. Nb5 Nxd5 61. Kxd5 Kxh4 62. Kxd6 1/2-1/2

[Event "Junior Online 4NCL Division 3"]
[Site "online"]
[Date "2021.02.18"]
[EventDate "2021.02.18"]
[Round "3.52"]
[White "Eedle, Eric F"]
[WhiteElo "1638"]
[WhiteTeam "Barnet Knights A"]
[Black "Groot Wassink, Leon"]
[BlackElo "1514"]
[BlackTeam "JHJ Shark Tank 2"]
[Result "1-0"]
[PlyCount "53"]

1. d4 Nf6 2. c4 e6 3. Nc3 Bb4 4. f3 c5 5. d5 O-O 6. e4 b6 7. Ne2 Bb7 8. Ng3 Re8 9. Be2 d6 10. O-O Bxc3 11. bxc3 e5 12. Be3 Nbd7 13. Qd2 Nf8 14. Nf5 Bc8 15. g4 Ng6 16. Bg5 h6 17. Be3 h5 18. h3 Qc7 19. Kf2 a5 20. Rg1 hxg4 21. hxg4 Bxf5 22. gxf5 Nf4 23. Bxf4 exf4 24. Qxf4 Nh7 25. Qg4 f6 26. Rh1 Qf7 27. Qh4 1-0

[Event "Junior Online 4NCL Division 3"]
[Site "online"]
[Date "2021.02.18"]
[EventDate "2021.02.18"]
[Round "3.53"]
[White "Royle, Alex"]
[WhiteElo "1479"]
[WhiteTeam "JHJ Shark Tank 2"]
[Black "Angelopoulos, Andreas"]
[BlackElo "1639"]
[BlackTeam "Barnet Knights A"]
[Result "0-1"]
[PlyCount "134"]

1. d4 Nf6 2. c4 e6 3. Nc3 Bb4 4. Qc2 O-O 5. a3 Bxc3+ 6. Qxc3 b6 7. Bf4 Bb7 8. f3 d5 9. e3 Nbd7 10. Bd3 c5 11. Nh3 cxd4 12. exd4 dxc4 13. Bxc4 Nd5 14. Qd2 N7f6 15. O-O Nxf4 16. Qxf4 Nd5 17. Qd2 Rc8 18. Rac1 Qe7 19. Bd3 h6 20. Rc2 Rxc2 21. Bxc2 Rc8 22. Qd3 Nf6 23. Nf2 Bd5 24. Ne4 Nxe4 25. fxe4 Bc4 26. Qc3 Rc7 27. Bd3 Bxd3 28. Qxd3 Qd6 29. e5 Qd5 30. h3 Rc4 31. Rf4 Rc7 32. Kh2 Rd7 33. b3 Qxe5 34. dxe5 Rxd3 35. Ra4 a5 36. b4 Rd4 37. Kg3 axb4 38. axb4 b5 39. Ra8+ Kh7 40. Rb8 Rxb4 41. Kf3 Rb1 42. Ke2 b4 43. Kd3 b3 44. Kc3 b2 45. Rxb2 Rxb2 46. Kxb2 Kg6 47. Kc3 Kf5 48. Kd4 Kf4 49. h4 h5 50. g3+ Kxg3 51. Ke4 Kxh4 52. Kf4 g5+ 53. Kf3 Kh3 54. Kf2 Kg4 55. Kg2 Kf5 56. Kh2 Kxe5 57. Kg2 g4 58. Kh2 h4 59. Kg2 h3+ 60. Kg3 f5 61. Kh2 f4 62. Kg1 g3 63. Kh1 h2 64. Kg2 f3+ 65. Kh1 f2 66. Kg2 h1=Q+ 67. Kxh1 f1=Q# 0-1

[Event "Junior Online 4NCL Division 3"]
[Site "online"]
[Date "2021.02.18"]
[EventDate "2021.02.18"]
[Round "3.54"]
[White "Drel, Anton"]
[WhiteElo "1600"]
[WhiteTeam "Barnet Knights A"]
[Black "Tang, Brian"]
[BlackElo "1464"]
[BlackTeam "JHJ Shark Tank 2"]
[Result "1-0"]
[PlyCount "95"]

1. e4 c5 2. Nc3 d6 3. g3 Nf6 4. Bg2 Nc6 5. d3 e6 6. f4 d5 7. e5 Nd7 8. Nf3 f6 9. O-O Be7 10. Bd2 O-O 11. exf6 Nxf6 12. Ne5 Bd6 13. Re1 Qc7 14. Nb5 Qd8 15. Nxc6 bxc6 16. Nxd6 Qxd6 17. Qe2 Bd7 18. Qe5 Qe7 19. Bh3 Rfe8 20. Re2 Rab8 21. f5 Bc8 22. Qxb8 Bd7 23. Qxa7 e5 24. Rae1 Qd6 25. a4 Rb8 26. Rxe5 Rd8 27. Re7 Kf8 28. Ba5 Rc8 29. Bb6 Kg8 30. Bxc5 Qc7 31. Qxc7 Rxc7 32. g4 h6 33. a5 Kh8 34. a6 Rc8 35. a7 Ra8 36. b4 Rg8 37. Rxg7 Kxg7 38. Re7+ Kh8 39. Bd4 Rd8 40. Bxf6+ Kg8 41. Rxd7 Ra8 42. Rd8+ Rxd8 43. Bxd8 Kf7 44. a8=Q Kg8 45. Bf6+ Kf7 46. Qd8 d4 47. Qe7+ Kg8 48. Qg7# 1-0

[Event "Junior Online 4NCL Division 3"]
[Site "online"]
[Date "2021.02.18"]
[EventDate "2021.02.18"]
[Round "3.55"]
[White "Vyas, Alisha"]
[WhiteElo "1738"]
[WhiteTeam "Barnet Knights A"]
[Black "Aserkoff, Daniel"]
[BlackElo "1534"]
[BlackTeam "JHJ Shark Tank 2"]
[Result "1-0"]
[PlyCount "60"]

1. e4 e5 2. Nf3 Nc6 3. Bb5 Nf6 4. d3 Bc5 5. h3 d6 6. c3 O-O 7. O-O a6 8. Ba4 b5 9. Bc2 Bb6 10. Re1 Bb7 11. Nbd2 h6 12. Nf1 h5 13. Ng3 h4 14. Nf5 Bc8 15. N5xh4 Be6 16. Bg5 Qe7 17. d4 exd4 18. cxd4 Ba5 19. Rf1 Bc4 20. Bd3 Bxd3 21. Qxd3 Rfe8 22. e5 dxe5 23. dxe5 Nxe5 24. Nxe5 Qxe5 25. Nf3 Qe4 26. Qb3 Qd5 27. Bxf6 Qxb3 28. axb3 gxf6 29. Rxa5 Re2 30. Ra2 Kf8 1-0